000 00656nam a22002057a 4500
999 _c14895
_d14895
003 MIRAKIL
005 20220426121930.0
008 220426b tu ||||| |||| 00| 0 tur d
040 _aTR-AnCHP
_btur
_cTR-AnCHP
041 _atur
082 _a346.0820263
_bÜ57b 2010
100 _aÜnsal, Gülen
245 _a5411 sayılı bankacılık kanunu/
_cGülen Ünsal.
260 _aAnkara:
_bBankacılık Düzenleme ve Denetleme Kurumu,
_c2010.
300 _a292 s.:
_c21 sm.
650 _aBankacılık hukuku
_xKanunlar
_zTürkiye
650 _aBankalar ve bankacılık
_xHukuk ve mevzuat
_zTürkiye
651 _aTürkiye
_xBankalar Kanunu
942 _2ddc
_cBKS